[Event "FIN-ch 2017"]
[Site "Helsinki"]
[Date "2017.06.16"]
[Round "5"]
[White "Ebeling, Daniel"]
[Black "Karttunen, Mika"]
[Result "1-0"]
[WhiteElo "2477"]
[BlackElo "2465"]
[Annotator "TA"]
[PlyCount "111"]
[EventDate "2017.??.??"]
[EventType "tourn"]
[EventCountry "FIN"]
[SourceTitle "playchess.com"]
[Source "ChessBase"]
[SourceQuality "1"]

{[%evp 9,111,15,27,-10,0,0,0,0,0,1,12,14,0,6,121,114,149,145,165,162,148,147,154,149,158,153,161,154,168,100,84,82,98,76,204,76,178,65,201,210,368,349,392,398,525,516,508,487,478,218,275,260,257,245,202,21,21,2,6,16,41,43,48,23,27,34,21,18,14,-12,320,306,293,300,332,339,470,457,442,441,531,518,510,493,518,453,743,737,725,695,710,646,29973,29974,29982,29983,29982,29980,29980,29981,29980,29981,29981,29982]} 1. e4 e5 2. Nc3 Nf6 3. g3 Be7 4. Bg2 O-O (4... d6 5. Nge2 c6 6. d4 Nbd7 7. O-O O-O 8. a4 b6 9. h3 h5 10. b3 a6 11. Bb2 Bb7 12. Nb1 Re8 13. Nd2 Bf8 14. Re1 b5 15. c4 bxa4 16. Rxa4 exd4 17. Bxd4 {½-½ (62) Eid,F (2377)-Haddouche,M (2429) Istanbul 2012}) 5. Nge2 c6 6. O-O {C26: Vienna Game: 2...Nf6, sidelines} d5 7. exd5 cxd5 $146 ({Predecessor:} 7... Nxd5 8. h3 Be6 9. d3 Na6 10. Bd2 Qd7 11. Kh2 Nac7 12. Qc1 {0-1 (32) Kovachev,R (1592)-Raondi,Y (1705) Plovdiv 2013}) 8. d4 {The position is equal.} e4 9. f3 exf3 10. Bxf3 Bh3 11. Re1 {And now Nf4 would win.} Bb4 (11... Bg4 $11 12. Bxg4 Nxg4) 12. Bg5 $1 $36 {[%mdl 2048] Strongly threatening Nf4. Black is under strong pressure.} Nc6 13. Nf4 $1 {[%cal Rf4h3]} Be6 14. Nxe6 fxe6 15. Rxe6 Qd7 16. Re3 $1 Bxc3 17. bxc3 Ne4 18. Bxe4 dxe4 19. Bf4 (19. Rxe4 $18 Rae8 20. Rxe8 Rxe8 21. Qd3) 19... Qd5 20. Qe2 g5 {[#]} 21. Qg4 $1 Rf5 (21... h6 $16 {was necessary.}) 22. Be5 (22. Rae1 $18 {has better winning chances.}) 22... Qf7 {[#]} (22... Raf8 $16) 23. Rxe4 ({Don't play} 23. Qxe4 $6 Rf8 $16) ({White should play} 23. Bd6 $1 $18) 23... h5 ({Better is} 23... Rf8 $14 24. Rf4 Nxe5 25. dxe5 Rxf4 26. Qxg5+ (26. gxf4 Qxf4 27. Qxf4 Rxf4 $11) 26... Qg6 27. Qxg6+ (27. gxf4 Rxf4 28. Qxg6+ hxg6 $14) 27... hxg6 28. gxf4 Rxf4) 24. Qe2 $18 Rf8 $2 (24... Re8 {was worth a try.} 25. Bd6 Rxe4 26. Qxe4 Na5) 25. Bd6 Rf2 26. Qd3 Qf3 27. Qxf3 R8xf3 28. d5 Na5 29. Bb4 (29. Bc5 $142 Rxc2 30. Rae1) 29... Rxc2 30. Rf1 (30. Bxa5 Rff2 $14) 30... Rxf1+ 31. Kxf1 Rxa2 {[%mdl 4096] Endgame KRB-KRN} 32. Re5 $2 (32. c4 $18) 32... Nc4 $1 $11 {[%cal Rc4e5]} 33. Rxg5+ Kf7 {Threatens to win with ...Nd2+.} 34. Rxh5 {aiming for Bc5.} a5 35. Bc5 {Hoping for d6.} b6 36. Bd4 {Black must now prevent g4.} a4 $1 37. Rh7+ Ke8 38. Ra7 a3 39. h4 {Ke1 is the strong threat.} Rb2 $2 {[%mdl 8192]} (39... Rd2 $11 {and Black is okay.}) 40. d6 $1 $18 {[%cal Rd6d7]} Nxd6 {next ...Nc4 is good for Black.} 41. Rxa3 Ne4 42. c4 Rb1+ 43. Kg2 Nd6 44. h5 Nf5 45. Be5 Re1 46. Bf4 Kf7 47. Ra7+ Kf6 (47... Kg8 $142 48. Ra8+ Kf7) 48. Rb7 Re2+ 49. Kf3 Re6 50. Kg4 Nd6 51. Rxb6 {White mates.} Nxc4 52. Rxe6+ Kxe6 53. Kg5 Kf7 54. h6 {[%cal Bh5h6,Bh6h7][%mdl 32]} Nb6 55. Be5 Nd7 56. h7 {Precision: White = 61%, Black = 38%.} 1-0

[Event "FIN-ch 2017"]
[Site "Helsinki"]
[Date "2017.06.16"]
[Round "5"]
[White "Sammalvuo, Tapani"]
[Black "Virtanen, Teemu"]
[Result "1-0"]
[WhiteElo "2448"]
[BlackElo "2141"]
[Annotator "TA"]
[PlyCount "49"]
[EventDate "2017.??.??"]
[EventType "tourn"]
[EventCountry "FIN"]
[SourceTitle "playchess.com"]
[Source "ChessBase"]
[SourceQuality "1"]

{[%evp 9,49,47,65,62,66,75,77,63,57,33,27,24,30,25,194,156,231,212,264,262,268,234,417,451,452,412,432,397,904,610,602,414,714,739,1757,1620,29979,5722,29987,29988,29988,29989]} 1. d4 d6 2. Nf3 Nf6 3. c4 Bf5 4. Nc3 h6 5. g3 Ne4 (5... Nbd7 6. Bg2 c6 7. d5 c5 8. O-O g5 9. h4 g4 10. Ne1 Bg7 11. e4 Bh7 12. Nd3 a6 13. a4 {1-0 (22) Ding,L (2732)-Jobava,B (2727) Wijk aan Zee 2015}) 6. Qd3 $146 {A53: Old Indian Defence without Nf3} ({Predecessor:} 6. Nxe4 Bxe4 7. Bh3 c5 8. O-O e6 9. d5 exd5 10. Nd2 Bh7 11. Qa4+ Nd7 12. b4 d4 13. e3 dxe3 {0-1 (24) Shchekachev,A (2550)-Shirazi,K (2444) Pierrefitte 2003}) 6... Nxg3 7. e4 Bxe4 8. Nxe4 {White is better.} Nxh1 9. Bg2 Nxf2 10. Nxf2 c6 11. d5 {[%cal Bd4d5,Bd5e6][%mdl 32]} e5 $2 (11... Qc7 $11 {and Black stays safe.}) 12. dxe6 $1 $18 Qe7 (12... Na6 $16 {was worth a try.}) 13. Bf4 {Black must now prevent 0-0-0.} Na6 14. Ne4 {[%cal Re4d6]} O-O-O 15. O-O-O Qxe6 $2 {[#]} (15... Nc5 16. Nxc5 (16. Nxd6+ Qxd6 17. Qxd6 Bxd6 $14) 16... dxc5 17. Qxd8+ Qxd8 18. exf7 Qxd1+ 19. Kxd1 Kd8) 16. Nd4 $1 {[%cal Rd4e6]} Qg6 17. Bh3+ Kb8 18. Qf3 Qh7 $2 (18... f5) 19. c5 {[%cal Bc4c5,Bc5d6,Bd6d7][%mdl 32]} Ka8 20. cxd6 Nb4 (20... Nb8 $142 21. Be5 Re8) 21. a3 Nd5 22. Nxc6 bxc6 {[#]} 23. Rxd5 $1 {[%mdl 512] Threatening mate with Qc3!} f5 {[#]} (23... cxd5 24. Nf6) 24. Qc3 $1 {[%mdl 512]} g5 25. d7 {Precision: White = 80%, Black = 31%.} 1-0

[Event "FIN-ch 2017"]
[Site "Helsinki"]
[Date "2017.06.16"]
[Round "5"]
[White "Sipila, Vilka"]
[Black "Niemi, Kalle"]
[Result "1-0"]
[WhiteElo "2415"]
[BlackElo "2331"]
[Annotator "TA"]
[PlyCount "83"]
[EventDate "2017.??.??"]
[EventType "tourn"]
[EventCountry "FIN"]
[SourceTitle "playchess.com"]
[Source "ChessBase"]
[SourceQuality "1"]

{[%evp 17,83,19,18,6,10,7,6,6,13,0,25,12,13,5,10,9,16,12,50,43,42,37,68,66,56,61,83,76,64,74,179,125,133,122,168,179,304,229,231,231,239,231,238,225,229,231,227,227,224,210,349,345,321,328,405,426,420,422,749,750,1110,1096,4802,1864,29964,29966,29952,29944]} 1. e4 c6 2. d4 d5 3. e5 Bf5 4. Nf3 e6 5. Be2 Ne7 6. O-O Nd7 7. Nbd2 Nc8 {B12: Caro-Kann: Advance Variation} (7... h6 8. Nb3 g5 9. Ne1 Qc7 10. Nd3 b6 11. Be3 Bg7 12. f4 c5 13. dxc5 gxf4 14. cxb6 axb6 15. Bxf4 {½-½ (32) Dominguez Perez,L (2729)-Ding,L (2755) Tsaghkadzor 2015}) 8. Nb3 Be7 9. Be3 O-O {LiveBook: 27 Games. The position is equal.} 10. Ne1 f6 11. f4 fxe5 12. dxe5 $146 ({Predecessor:} 12. fxe5 Ncb6 13. Nd2 Na4 14. Rb1 {½-½ (46) Socko,B (2644)-Vokarev,S (2502) Plovdiv 2008}) 12... c5 $1 13. g4 Be4 14. Nd2 {[%cal Bb3d2,Bd2f3,Bf3d4][%mdl 32]} Bg6 $1 15. Ng2 Ncb6 16. Bf2 c4 17. Nf3 Nc5 18. Nd4 Qd7 19. Be3 Kh8 20. f5 exf5 21. gxf5 Rxf5 (21... Bxf5 $2 22. Rxf5 Rxf5 23. e6 $18) 22. Nxf5 Bxf5 23. Bd4 Rc8 {[#]} (23... Qe6 $16 {keeps fighting.}) 24. Ne3 (24. Rxf5 $1 $18 Qxf5 25. Bg4) 24... Be6 25. Bg4 Rc6 {White must now prevent ...Bxg4.} 26. Kh1 Ne4 (26... Bxg4 {was worth a try.} 27. Qxg4 (27. Nxg4 Ne6 $16) 27... Qxg4 28. Nxg4 Kg8) 27. Bxb6 Bxg4 28. Qxg4 ({Don't play} 28. Qxd5 $6 Qxd5 29. Nxd5 Rxb6 $16) 28... Qxg4 29. Nxg4 Rxb6 30. Ne3 Bc5 31. Nxd5 Re6 32. Nc3 Nf2+ 33. Kg2 {Strongly threatening Na4.} Rg6+ (33... Ng4 {was necessary.}) 34. Kf3 $18 Ng4 35. Ke4 Nxh2 36. Kd5 Nxf1 37. Rxf1 {KRB-KRN} b6 (37... Be7 $142 38. Rf7 (38. Kxc4 Kg8 $14) 38... Bb4) 38. Ne4 Kg8 39. Nxc5 bxc5 40. e6 {[#] White wants to mate with e7.} Rf6 41. Rxf6 gxf6 42. Kd6 {Precision: White = 83%, Black = 28%.} 1-0

[Event "FIN-ch 2017"]
[Site "Helsinki"]
[Date "2017.06.16"]
[Round "5"]
[White "Maki-Uuro, Miikka"]
[Black "Agopov, Mikael"]
[Result "0-1"]
[WhiteElo "2337"]
[BlackElo "2423"]
[Annotator "TA"]
[PlyCount "120"]
[EventDate "2017.??.??"]
[EventType "tourn"]
[EventCountry "FIN"]
[SourceTitle "playchess.com"]
[Source "ChessBase"]
[SourceQuality "1"]

{[%evp 10,120,9,3,35,37,52,46,65,61,80,87,88,74,62,72,92,91,98,87,104,71,72,75,93,61,68,48,58,44,48,51,45,-13,-9,-20,-44,-82,0,0,0,-35,-54,-49,-27,-18,-18,-30,-15,-30,-16,-26,0,-37,-32,-38,-29,-22,-22,-31,-25,-91,-62,-130,-116,-126,0,-102,-97,-133,-117,-121,-68,-82,0,-122,-74,-122,-123,-137,-137,-137,-137,-137,-130,-119,-124,-189,-186,-231,-226,-234,-234,-234,-234,-286,-280,-283,-283,-272,-275,-351,-345,-341,-329,-335,-314,-358,-372,-387,-366,-932,-919]} 1. Nf3 c5 2. c4 Nc6 3. d4 cxd4 4. Nxd4 Nf6 5. g3 Qb6 6. Nc2 Ne5 {A31: Symmetrical English: 2 Nf3 Nf6 3 d4} (6... h5 {feels hotter.} 7. h3 Qc5 8. Nc3 Qxc4 9. e4 Qe6) 7. b3 Qc6 8. f3 {[%cal Bf2f3,Bf3f4][%mdl 32]} e6 {White is slightly better.} 9. Bb2 d6 (9... Qc7 10. Nc3 a6 11. f4 Ng6 12. e4 d6 13. Qf3 b6 {1-0 (42) Ivanchuk,V (2768)-Grischuk,A (2746) Khanty-Mansiysk 2011}) 10. Bg2 Be7 11. O-O {f4 is the strong threat.} Qc7 12. f4 Ned7 $146 ({Predecessor:} 12... Ng6 13. Nc3 a6 14. e3 {1-0 (62) Nyback,T (2610)-Novik,M (2474) Finland 2014}) 13. Nc3 a6 14. e4 Rb8 15. Kh1 b6 16. Qe2 O-O 17. Rae1 Bb7 18. e5 Bxg2+ 19. Kxg2 dxe5 20. fxe5 Qb7+ 21. Qf3 (21. Kh3 $14 Ne8 22. Nd4) 21... Ng4 $1 $11 {White should prevent ...Qxf3+.} 22. Qxb7 Rxb7 23. Nd1 Nc5 ({Black should play} 23... Rd8 $1 $17 {Threatens to win with ...Ndxe5!} 24. Re2 Ngxe5 $1 {[%mdl 512]}) 24. h3 Nh6 {[%cal Bg4h6,Bh6f5,Bf5e3][%mdl 32]} 25. Nf2 (25. g4 {feels hotter.} b5 26. Bd4 bxc4 27. bxc4 Rc8 28. Nde3) 25... Nf5 26. Ne3 $1 Nxe3+ 27. Rxe3 Rd8 28. Re2 Rbd7 29. Ba3 Rd2 30. Rfe1 Kf8 31. Bxc5 Bxc5 32. Ne4 Rxe2+ 33. Rxe2 $15 {[%mdl 4096] Endgame KRB-KRN} Bb4 34. Ng5 h6 35. Nf3 (35. Ne4 $11 {keeps the balance.}) 35... Rd3 36. Kf2 (36. Nh2 $15) 36... Bc5+ $17 37. Kg2 Bb4 38. Kf2 $1 Ke8 39. Ne1 Bc5+ 40. Kg2 {[#]} Rd1 ({Black should try} 40... Rc3 $1 $17 41. Rc2 Re3) 41. Nc2 Rd3 ({Better is} 41... Kd7 $17) 42. h4 (42. Ne1 $1 $11 {was the only way to keep the balance.} Rc3 43. Rc2) 42... Rc3 43. Ne1 a5 {[%cal Ba6a5,Ba5a4][%mdl 32]} 44. Rd2 {[#]} a4 $1 {[%mdl 512]} 45. Rd3 {[#]} (45. bxa4 Rxc4) 45... Rc1 $1 {[%cal Rc1e1]} 46. Nf3 Rc2+ 47. Rd2 Rc3 48. bxa4 (48. Nd4 $17) 48... Rxc4 $19 49. h5 Rxa4 50. Re2 Kd7 51. Kh3 Ra3 52. Ne1 Kc6 53. Ng2 b5 54. Kg4 Bd4 55. Nh4 Ra4 56. Kh3 Kd5 57. Nf3 Bc3 58. g4 Re4 59. Rc2 b4 60. a3 $2 (60. Rf2) 60... Re3 {Precision: White = 37%, Black = 60%.} 0-1

[Event "FIN-ch 2017"]
[Site "Helsinki"]
[Date "2017.06.17"]
[Round "6"]
[White "Karttunen, Mika"]
[Black "Sipila, Vilka"]
[Result "1-0"]
[WhiteElo "2465"]
[BlackElo "2415"]
[Annotator "TA"]
[PlyCount "101"]
[EventDate "2017.??.??"]
[EventType "tourn"]
[EventCountry "FIN"]
[SourceTitle "playchess.com"]
[Source "ChessBase"]
[SourceQuality "1"]

{[%evp 16,100,14,14,14,13,14,14,18,14,26,16,16,17,27,17,18,14,18,0,0,0,12,14,33,-62,-75,-72,0,0,68,66,181,187,453,453,416,447,429,431,590,593,613,602,567,589,1186,552,529,382,368,360,735,737,737,735,729,729,704,682,727,722,623,389,362,326,590,593,582,585,687,702,1071,1152,889,691,673,666,1281,1179,2117,2047,29990,29991,29991,29992,29999]} 1. c4 Nf6 2. Nc3 g6 3. Nf3 Bg7 4. g3 O-O 5. Bg2 d6 6. O-O e5 7. d3 Re8 8. Rb1 Nc6 {[%cal Bb8c6,Bc6d4,Bd4e2][%mdl 32]} 9. e4 {LiveBook: 4 Games. A26: English Opening vs King's Indian with ...Nc6 and d3} (9. Ne1 Be6 10. Nd5 Qd7 11. b4 Bxd5 12. cxd5 Ne7 13. Qb3 Nf5 14. Bb2 a5 15. e4 Ne7 16. bxa5 Rxa5 {0-1 (30) Anurag,M (2437)-Popov,I (2652) Chennai 2013}) 9... Bg4 10. h3 Bxf3 11. Qxf3 {The position is equal.} Nd4 12. Qd1 Nd7 $146 ({Predecessor:} 12... Nh5 13. Be3 c5 14. Qd2 Qa5 15. Kh2 a6 16. Nd5 Qxa2 17. Bxd4 cxd4 18. Ra1 Qb3 19. Ra3 Bh6 20. Qe2 Nf4 21. gxf4 {1-0 (21) Greanias,S (2216)-Fink,S (2185) Arlington 1999}) 13. Ne2 Nxe2+ 14. Qxe2 a5 15. Be3 Nc5 16. Qd2 Ne6 17. Kh2 c6 18. b3 {[%cal Bb2b3,Bb3b4][%mdl 32]} Rf8 19. b4 f5 20. f4 (20. exf5 $14 gxf5 21. bxa5) 20... exf4 $15 21. gxf4 {[%cal Bg3f4,Bf4f5][%mdl 32]} Qh4 ({Better is} 21... fxe4 $17 22. dxe4 axb4 23. Rxb4 Rf7) 22. bxa5 $11 fxe4 (22... Qe7 $11) 23. Rxb7 $14 Bh6 (23... g5 $1 $14) 24. dxe4 $18 Rad8 $2 (24... Bxf4+ 25. Bxf4 Nxf4) 25. f5 Bxe3 26. Qxe3 Nc5 27. Rc7 Rc8 28. Rxc8 Rxc8 29. fxg6 hxg6 30. e5 Re8 31. Qf3 (31. Bxc6 $142 Rxe5 32. Bd5+ Kh8 33. Rf8+ Kg7 34. Rf7+ Kh8 35. Qf3) 31... Qe7 32. exd6 Qxd6+ 33. Kh1 {[#] aiming for Qf7+.} Re6 $2 (33... Qe6 34. Qxc6 Qxc6 35. Bxc6 Re2 36. Bd5+ Kg7) 34. Qf7+ Kh8 35. Qf8+ Qxf8 36. Rxf8+ {[%mdl 4096] Endgame KRB-KRN} Kg7 37. Rc8 Re1+ 38. Kh2 Re2 39. Rxc6 Nd3 40. Kg1 Nf4 $2 {[#]} (40... Rxa2 41. a6 Kf8 42. Rxg6 Ra1+ 43. Kh2 Nc5) 41. Bf1 $1 {[%cal Rf1e2]} Rxa2 42. a6 Kh6 43. Rb6 Kg5 44. c5 Nd5 45. Bc4 Ra1+ 46. Kf2 Nf6 47. c6 {Strongly threatening c7.} Ne4+ 48. Ke2 Kh6 49. c7 {White mates.} Ra5 50. c8=Q Rg5 51. Qh8# {Precision: White = 72%, Black = 33%.} 1-0

[Event "FIN-ch 2017"]
[Site "Helsinki"]
[Date "2017.06.17"]
[Round "6"]
[White "Sammalvuo, Tapani"]
[Black "Maki-Uuro, Miikka"]
[Result "0-1"]
[WhiteElo "2448"]
[BlackElo "2337"]
[Annotator "TA"]
[PlyCount "214"]
[EventDate "2017.??.??"]
[EventType "tourn"]
[EventCountry "FIN"]
[SourceTitle "playchess.com"]
[Source "ChessBase"]
[SourceQuality "1"]

{[%evp 19,214,0,0,-20,-11,-34,-17,-14,-10,-12,-7,-15,-10,-12,-6,-29,9,-9,-16,-16,-13,-16,-6,-15,-8,-6,-10,-12,-18,-29,-29,-17,0,0,0,0,0,0,0,0,0,0,0,0,0,0,0,0,0,-8,-16,-12,-11,-17,-12,-14,-14,-16,0,-18,-16,-7,0,-19,-10,-18,-18,-18,0,-18,-12,-32,-14,-30,-24,-22,-14,-25,-7,-26,-22,-71,0,0,0,-14,-5,-7,0,0,0,0,0,0,0,0,0,-10,-3,-46,-12,-13,-10,-9,0,-13,0,0,0,-12,0,0,0,-27,-50,-41,-40,-27,-22,-21,0,-55,-39,-42,-53,-62,-65,-59,-62,-179,-174,-159,-104,-103,-106,-105,-110,-127,-90,-86,-70,-94,-96,-112,-104,-117,-81,-177,-187,-234,-232,-197,-195,-325,-301,-331,-266,-279,-289,-307,-309,-304,-238,-268,-186,-186,-186,-210,-186,-186,-193,-790,-720,-727,-706,-668,-561,-12835,-3045,-2587,-2836,-6925,-9777,-12843,-12843,-12846,-12846,-12849,-12847,-12848,-12848,-12850,-29991,-12851,-29992,-29992,-29992]} 1. d4 d5 2. c4 e6 3. Nf3 Nf6 4. Nc3 c6 5. e3 Nbd7 6. Bd3 dxc4 7. Bxc4 b5 8. Bd3 Bb7 9. a3 Bd6 10. O-O O-O 11. b4 {D47: Semi-Slav: Meran System} (11. Qc2 Rc8 12. b4 a5 13. Rb1 c5 14. bxc5 Bxf3 15. gxf3 Nxc5 16. dxc5 Rxc5 17. Rxb5 Nd5 18. Rxc5 Qg5+ 19. Kh1 Qh5 20. f4 Qf3+ 21. Kg1 Qg4+ 22. Kh1 Qf3+ 23. Kg1 {½-½ (23) Mamedyarov,S (2762)-Gelfand,B (2743) Tashkent 2016}) 11... a5 12. Rb1 axb4 13. axb4 {The position is equal.} Nd5 14. Nxd5 exd5 15. e4 dxe4 16. Bxe4 Nf6 17. Bc2 h6 18. Qd3 Re8 19. Bd2 Bc8 20. Rfe1 {[#]} Be6 $146 21. Ne5 Bxe5 22. Rxe5 Bc4 23. Qc3 Ra2 24. Rxe8+ Qxe8 25. Re1 Qa8 (25... Qf8 $5 {[%cal Rf6d5]} 26. Bb1 Nd5 $15) 26. Bb1 Ra3 27. Qc1 Ba2 28. Bf5 {[#] Bxh6! is the strong threat.} Be6 29. Bb1 Ba2 30. Bc2 Bb3 31. Bd3 Bd5 32. Bf5 Be6 33. Bc2 Bb3 34. Re3 Ra1 35. Bb1 Bd5 {Threatens to win with ...Be4!} 36. Bc3 Ra4 37. Bc2 Ra2 38. Bb1 Ra4 39. Rg3 {Black must now prevent Qxh6.} Kh8 (39... Qb8 {is interesting.} 40. Re3 Ra8 41. h3 Qd6 42. Bd2 Rd8) 40. Re3 Kg8 41. Qe1 (41. Rg3 $5 {[%cal Rc1h6]} Qb8 42. h3 $11 (42. Qxh6 $2 Qxg3 43. hxg3 gxh6 $19)) 41... Ra3 42. Bc2 Ra2 43. Bb1 Ra3 44. h3 Qd8 45. Rg3 (45. Bd2 $5 {[%cal Re3a3]} Ra4 46. Bc2 $11) 45... Ra7 46. Re3 Ra8 47. Qe2 Qd6 48. Re5 Nd7 (48... Bc4 $5 {[%cal Rc4e2]} 49. Qe3 Qd8 $11) 49. Qd3 {Intending Qh7+ and mate.} Nf8 50. Bc2 f6 (50... Ng6 $17) 51. Re1 Bf7 52. Bd2 Re8 53. Re3 Ra8 54. Bc3 Bg6 55. Bb3+ Bf7 56. Bc2 Bg6 57. Bb3+ Bf7 58. Bd1 (58. Bc2 {is more complex.}) 58... Rd8 59. Bf3 Bd5 60. Bg4 Be6 61. Bf3 Bd5 62. Bg4 Be6 (62... Ne6 $5 {[%cal Re6f4]}) 63. Bd1 Bf7 64. Qe4 Bd5 65. Qg4 Qd7 66. Qh5 Qf7 67. Qh4 Qg6 {[%csl Gd5][%cal Rg6g2]} 68. Bg4 Qg5 69. Qg3 f5 $40 {[%cal Bf6f5,Bf5f4][%mdl 160] aiming for ...f4. Black has some attack.} 70. Be2 ({White should try} 70. Re5 $11) 70... Qxg3 71. fxg3 Kf7 72. Re5 g6 73. g4 Nd7 74. Re3 (74. Rxd5 $1 $15 cxd5 75. gxf5) 74... f4 $19 75. Rd3 Bc4 (75... Ra8 $142 76. Rd1 Ra3) 76. Rd2 $17 Bxe2 77. Rxe2 {[%mdl 4096] Endgame KRB-KRN} Nf6 78. Kf2 Nd5 79. Be1 Ra8 80. Rc2 Ra6 81. g3 fxg3+ 82. Kxg3 g5 83. Rf2+ (83. Bd2 $17) 83... Ke6 $19 84. Bd2 Ra3+ 85. Rf3 Ra2 86. Rd3 {[#]} (86. Rf2 $142) 86... Rb2 $1 87. h4 Nxb4 88. d5+ Nxd5 ({Don't play} 88... cxd5 89. Re3+ Kd6 90. Bc3 $19) 89. hxg5 hxg5 90. Bxg5 c5 91. Rd1 c4 {Hoping for ...c3.} 92. Re1+ Kd7 93. Kf3 c3 94. Ke4 Kc6 95. Kd4 $2 (95. Bc1 Rg2 96. g5) 95... Rb4+ 96. Kd3 Rxg4 97. Bh6 b4 {[%cal Bb5b4,Bb4b3,Bb3b2][%mdl 32]} 98. Re6+ Kd7 99. Re5 Kd6 100. Re8 b3 101. Rd8+ Kc6 102. Rb8 b2 103. Rb3 Rg1 104. Kc2 Kc5 {( -> ...Kc4)} 105. Rxc3+ Nxc3 106. Be3+ Kc4 107. Kxb2 Nd1+ {Precision: White = 41%, Black = 71%.} 0-1

[Event "FIN-ch 2017"]
[Site "Helsinki"]
[Date "2017.06.17"]
[Round "6"]
[White "Agopov, Mikael"]
[Black "Ebeling, Daniel"]
[Result "1-0"]
[WhiteElo "2423"]
[BlackElo "2477"]
[Annotator "TA"]
[PlyCount "107"]
[EventDate "2017.??.??"]
[EventType "tourn"]
[EventCountry "FIN"]
[SourceTitle "playchess.com"]
[Source "ChessBase"]
[SourceQuality "1"]

{[%evp 19,106,52,54,30,34,-94,-104,-92,-101,-134,-87,-87,-81,-85,-73,-89,-32,-68,-62,-62,-56,-62,-56,-64,-72,-53,-39,-54,-40,-69,0,-19,0,0,0,0,0,0,0,0,0,0,0,0,0,0,0,-3,0,0,0,0,0,0,0,0,0,0,0,0,0,0,0,0,0,-8,-8,-8,0,0,0,0,4,0,0,0,8,8,13,13,15,15,88,97,162,164,29997,29998,29999]} 1. e4 e5 2. Nf3 Nc6 3. Bb5 f5 4. Nc3 fxe4 5. Nxe4 Nf6 6. Nxf6+ Qxf6 7. Qe2 Be7 8. Bxc6 bxc6 9. d4 {C63: Ruy Lopez: Schliemann/Jaenisch Defence} (9. Nxe5 Qe6 10. d4 O-O 11. Nd3 Qxe2+ 12. Kxe2 d6 13. Be3 a5 14. a4 Bf5 15. Kd2 Bf6 16. Rad1 Rab8 {½-½ (66) Volokitin,A (2649)-Radjabov,T (2710) Doha 2016}) 9... Qg6 10. O-O d6 {LiveBook: 12 Games} 11. dxe5 {White is slightly better.} (11. Qc4 $5 {[%cal Rc4c6]} d5 12. Qb3 $11) 11... O-O 12. e6 $146 (12. exd6 $14 {keeps the upper hand.} Bh3 13. Qc4+ Kh8 14. Ne1 Bxd6 15. Qh4) ({Predecessor:} 12. exd6 Bh3 13. Ne1 Bxd6 14. Qe3 Bg4 15. Nd3 Rae8 16. Qg5 Be2 17. Qxg6 hxg6 {½-½ (37) Berg,E (2606)-Nezad,H (2403) Gibraltar 2009}) 12... Bxe6 $17 13. Re1 Bh3 $1 {[%csl Gh3][%cal Rg6g2] [#]} 14. Qf1 Bf6 15. Re3 Kh8 16. Bd2 Bg4 17. c3 Rab8 (17... a5 $17) 18. b3 c5 19. Qc4 Bh3 {[%csl Gh3][%cal Rg6g2]} 20. Ne1 Bd7 21. Qd3 Qxd3 22. Nxd3 Rfe8 23. Rae1 Rxe3 24. Rxe3 Re8 ({Black should play} 24... a5 $15) 25. Rxe8+ $11 Bxe8 {[%mdl 4096] Endgame KBB-KBN} 26. Kf1 Bf7 27. c4 Kg8 28. Ke2 Kf8 29. f3 c6 30. Be3 Be7 31. Kd2 Ke8 32. h3 Kd7 33. Nf2 Bg6 34. Ne4 h6 35. g4 Ke6 36. Bg1 a6 37. Ke2 Bh7 38. Kd2 Bh4 39. Ke2 Bd8 40. Bh2 Be7 41. Bg1 g5 42. Bf2 Bf8 43. Kd2 Bg7 44. h4 gxh4 45. Bxh4 Bd4 46. Bg3 d5 47. Nc3 Bg8 48. Bf4 Bg7 49. Na4 Bf8 50. Be3 Ke5 {[#]} (50... d4 $11 51. Bf4 Bh7) 51. cxd5 $1 $16 ({Don't play} 51. Nxc5 Bxc5 52. Bxc5 dxc4 $11) 51... Bxd5 (51... Kxd5 $16 52. Nc3+ Ke5) 52. f4+ $18 ({Weaker is} 52. Nxc5 Bxc5 53. Bxc5 Bxf3 $11) 52... Ke4 $2 (52... Ke6 $18) 53. Ke2 {[%cal Ra4c3]} c4 54. Nc3# {Precision: White = 71%, Black = 58%.} 1-0

[Event "FIN-ch 2017"]
[Site "Helsinki"]
[Date "2017.06.17"]
[Round "6"]
[White "Virtanen, Teemu"]
[Black "Niemi, Kalle"]
[Result "1-0"]
[WhiteElo "2141"]
[BlackElo "2331"]
[Annotator "TA"]
[PlyCount "75"]
[EventDate "2017.??.??"]
[EventType "tourn"]
[EventCountry "FIN"]
[SourceTitle "playchess.com"]
[Source "ChessBase"]
[SourceQuality "1"]

{[%evp 12,75,12,14,36,33,37,21,47,31,35,16,22,24,53,35,61,50,50,32,32,33,36,33,42,28,41,0,0,-12,66,58,106,105,89,0,107,93,116,130,177,168,162,120,169,101,113,99,129,83,204,201,267,84,71,70,128,102,393,370,589,566,911,915,883,849]} 1. e4 e5 2. Nf3 Nc6 3. Bc4 Nf6 4. d3 Be7 5. Nc3 d6 6. a3 O-O 7. h3 Na5 {C55: Two Knights: 4 d3, 4 d4 exd4 5 e5 and Max Lange Attack} (7... Be6 8. Nd5 Nb8 9. Nxf6+ Bxf6 10. Bxe6 fxe6 11. Be3 c5 12. c3 Nc6 13. b4 b6 14. O-O Qd7 15. Qe2 Qf7 {1-0 (47) Lintchevski,D (2522)-Alekseev,E (2636) St Petersburg 2016}) 8. Ba2 c5 9. O-O h6 {The position is equal.} 10. Be3 Nc6 11. Nh2 Be6 $146 ({Predecessor:} 11... Nd4 12. f4 Qb6 13. Rb1 exf4 14. Bxf4 Be6 15. Be3 Rac8 {0-1 (40) Vojir,V (1915)-Hercik,J (1905) Plzen 1997}) 12. Nd5 Nd7 {[%cal Bf6d7,Bd7e5,Be5g6][%mdl 32]} 13. c3 Kh7 14. b4 {[%cal Bb2b4,Bb4b5][%mdl 32]} Bg5 15. b5 {aiming for Bxg5.} Na5 16. f4 exf4 17. Bxf4 Ne5 18. Kh1 $36 {[%mdl 2048] White is more active.} Rc8 19. Bxg5 (19. Nf3 $5 {[%cal Rf3g5]} Bxf4 20. Nxf4 $14) 19... Qxg5 20. Nf4 Bxa2 (20... c4 $11) 21. Rxa2 $14 Ng6 22. Raf2 $1 c4 23. Qa4 ({Better is} 23. d4 $16) 23... b6 (23... Nxf4 $11 24. Rxf4 Nb3) 24. d4 $16 Rce8 25. Qc2 Nxf4 26. Rxf4 Kg8 27. a4 Re7 28. Qf2 (28. Ng4 $18) 28... Qg6 29. Rg4 Qh7 30. Qf4 Nb7 (30... h5 $16 {is a better defense.} 31. Rg5 (31. Qxd6 $2 Re6 $19) 31... Rxe4 32. Qxd6 Re6) 31. Nf3 $1 $18 f5 {[%cal Re7e4]} 32. exf5 $2 (32. Nh4 $1 $18 {and the rest is easy.}) 32... Qxf5 $16 {[#]} 33. Qg3 $1 Qd3 (33... Qd7 $14) 34. Re1 Ref7 $2 {[%mdl 8192] [#]} (34... Rff7 $16) 35. Re6 $1 $18 {[%cal Re6h6]} h5 ({Of course not} 35... Qxc3 36. Reg6 $18) (35... Kh8 $142 36. Reg6 Nd8 37. Qxd6 Re8) 36. Rg5 {White is clearly winning.} Qxc3 {With the idea ...Qc1+.} 37. Reg6 {[%cal Rg6g7]} Qc1+ 38. Ng1 {Precision: White = 42%, Black = 33%.} 1-0